000 00387nam a2200157 i 4500
001 bg
100 1 _aMÜLLER, E.
245 0 _aZarys mikologii dla przyrodników i lekarzy /
_cE. Müller, W. Loeffler.
250 _aWyd.2 rozsz.
260 _aWarszawa,
_c1987.
700 1 _aLOEFFLER, W.
040 _cBPK
041 _apol
942 _cKS
008 s pl f |000 0 pol
999 _c3583
_d3583
856 _uhttp://koha.tu.koszalin.pl/cgi-bin/koha/opac-detail.pl?biblionumber=3583
_yKatalog online BPK